00656 2200169 4500245005000000020001800050250001100068100002800079650002000107005001900127260003300146041001400179084001100193300002300204500025000227336000900477 aSyahadat CintacTaufiqurrahman Al-AzizyhText a979-963-307-9 aCet. 8 aTaufiqurrahman Al-Azizy aNovel Indonesia a20231002105926 aYogyakartabDIVA Pressc2007 aIndonesia a808.83 a520 hlm. :c20 cm. aSebagai pemuda metropolis, iqbal berjuang mengakhiri masa lalunya yang kelam, dan secerah cahaya ilahi memasuki relung-relung hatinya, dan membawanya ke alam pesantren. Tetapi ternyata perjalanan ini memunculkan amuk pergolakan di dalam hatinya. atext